000 00289nam a22001097a 4500
008 230627b xxu||||| |||| 00| 0 eng d
082 _a338.1
_bTOU
245 _aTransformations in West African Agriculture and the Role of Family Farms
300 _aVI,84p
440 _n123
942 _2ddc
_cBK
999 _c2920
_d2920